| 000 | 00662nam a2200241Ia 4500 | ||
|---|---|---|---|
| 005 | 20230605115853.0 | ||
| 008 | 131103s9999 xx 000 0 und d | ||
| 040 | _aLoreto College | ||
| 041 | _aEnglish | ||
| 082 |
_a938 _bLIM |
||
| 100 | _aLimebeer,D.E. | ||
| 245 | 4 |
_aThe Greeks _cD.E.Limebeer ; drawing and maps by E.A.McLaughlin |
|
| 250 | _a2nd ed. | ||
| 260 |
_aCambridge _bUniversity Press _c1952 |
||
| 300 |
_axii,144 p. _b ill.,fig.,maps |
||
| 440 | _aThe Greeks and the Romans | ||
| 504 | _aIncludes index | ||
| 650 | _aAncient History | ||
| 651 | _aGreece - Ancient History | ||
| 700 | _aMcLaughlin,E.A. | ||
| 850 | _aLCLIB | ||
| 942 | _cBK | ||
| 999 |
_c8669 _d59148 |
||